[Event "Wch Seniors 23rd 2013"]
[Site "Opatija"]
[Date "2013.11.13"]
[Round "2.30"]
[White "Kaminik, Aleksandar"]
[Black "Kiefer, Gerhard"]
[Result "1/2-1/2"]
[WhiteElo "2138"]
[BlackElo "2271"]
[PlyCount "137"]
[EventDate "2013.11.12"]

1. d4 Nf6 2. c4 c5 3. d5 b5 4. cxb5 a6 5. b6 d6 6. Nc3 Nbd7 7. e4 g6 8. Nf3 Bg7
9. Nd2 O-O 10. Be2 Nxb6 11. a4 a5 12. O-O e6 13. Nc4 exd5 14. exd5 Nxc4 15.
Bxc4 Re8 16. Bb5 Bd7 17. Bf4 Ne4 18. Qf3 Nxc3 19. bxc3 Bxb5 20. axb5 c4 21. Ra4
Rb8 22. Rxc4 Rxb5 23. Rc6 Be5 24. c4 Rb6 25. Be3 Rb3 26. Qd1 a4 27. Ra6 Qh4 28.
g3 Qxc4 29. Ra7 Rd3 30. Qxa4 Qxa4 31. Rxa4 Rxd5 32. Ra7 Bd4 33. Bxd4 Rxd4 34.
Rb1 Re6 35. Rbb7 Rf6 36. Ra2 g5 37. h3 Kg7 38. g4 Rd3 39. Kg2 Rff3 40. Rd7 Rf4
41. Re2 Kg6 42. Re3 Rxe3 43. fxe3 Rf6 44. Rd8 h6 45. Rg8+ Kh7 46. Rd8 Kg7 47.
Kg3 Re6 48. Kf3 Kf6 49. Rd7 Kg6 50. e4 Rf6+ 51. Kg3 Kg7 52. Rd8 Re6 53. Kf3 Kg6
54. Rd7 Kf6 55. Ke3 Kg6 56. Kf3 Rf6+ 57. Kg3 h5 58. gxh5+ Kxh5 59. Rd8 Kh6 60.
h4 gxh4+ 61. Kxh4 Rg6 62. Rh8+ Kg7 63. Rd8 Re6 64. Kg3 Kf6 65. Kf4 Ke7 66. Ra8
Rf6+ 67. Ke3 Rh6 68. Ra7+ Ke6 69. Ra8 1/2-1/2

[Event "Wch Seniors 23rd 2013"]
[Site "Opatija"]
[Date "2013.11.13"]
[Round "2.31"]
[White "Petzold, Hans"]
[Black "La Rota, Fabio"]
[Result "0-1"]
[WhiteElo "2130"]
[BlackElo "2258"]
[PlyCount "52"]
[EventDate "2013.11.12"]

1. e4 c6 2. d4 d5 3. Nc3 dxe4 4. Nxe4 Nf6 5. Nxf6+ exf6 6. Bc4 Bd6 7. Qf3 O-O
8. Ne2 c5 9. dxc5 Bxc5 10. Bd3 Qb6 11. O-O Nd7 12. Qe4 g6 13. Bh6 Rd8 14. b3
Ne5 15. Ng3 Ng4 16. Qf4 Bd6 17. Qd2 Bxg3 18. hxg3 Qc5 19. Be3 Qh5 20. Rfe1 Qh2+
21. Kf1 Qh1+ 22. Ke2 Qxg2 23. Kd1 Bf5 24. Kc1 Ne5 25. Bf1 Rxd2 26. Bxg2 Rxc2+
0-1

[Event "Wch Seniors 23rd 2013"]
[Site "Opatija"]
[Date "2013.11.13"]
[Round "2.32"]
[White "Jorgensen, Jorgen"]
[Black "Falk, Thomas"]
[Result "1-0"]
[WhiteElo "2257"]
[BlackElo "2131"]
[PlyCount "65"]
[EventDate "2013.11.12"]

1. c4 c5 2. Nf3 Nf6 3. Nc3 Nc6 4. g3 d5 5. cxd5 Nxd5 6. Bg2 Nc7 7. a3 e5 8. O-O
Be6 9. b4 cxb4 10. axb4 a6 11. Ne1 Nd5 12. Nd3 Be7 13. Bb2 O-O 14. Na4 b6 15.
Nxe5 Nxe5 16. Bxe5 Bxb4 17. Qc2 f6 18. Bd4 Rb8 19. Qb2 Ba5 20. Rfc1 Qd6 21. d3
Rf7 22. Rab1 Nb4 23. Bc3 Na2 24. Bxa5 Nxc1 25. Bb4 Qd7 26. Nc3 Nb3 27. Qa3 a5
28. Bd6 Rd8 29. Bf4 b5 30. Rxb3 b4 31. Qxa5 Bxb3 32. Qxb4 Qe6 33. h4 {Dirty
manuscript!} 1-0

[Event "Wch Seniors 23rd 2013"]
[Site "Opatija"]
[Date "2013.11.13"]
[Round "2.34"]
[White "Frick, Christoph"]
[Black "Christiansen, Arne"]
[Result "1/2-1/2"]
[WhiteElo "2254"]
[BlackElo "2117"]
[PlyCount "97"]
[EventDate "2013.11.12"]

1. e4 e5 2. Nc3 Nc6 3. Nf3 Nf6 4. g3 Be7 5. Bg2 O-O 6. O-O d6 7. d3 Bg4 8. h3
Bxf3 9. Bxf3 Nd4 10. Bg2 c6 11. Ne2 Nxe2+ 12. Qxe2 Qc7 13. Bd2 Rfe8 14. Rae1
Nd7 15. Kh1 Nf8 16. Bc3 f6 17. f4 b5 18. f5 c5 19. Bf3 Rac8 20. Qg2 a5 21. Be2
a4 22. h4 Red8 23. Rg1 Rd7 24. g4 h6 25. Bd2 Nh7 26. Be3 Qd8 27. Bf3 b4 28. Qd2
Qf8 29. b3 Ra8 30. Rg2 Rda7 31. Reg1 axb3 32. axb3 Ra1 33. c4 R1a3 34. Bd1 Kh8
35. Qc2 Qb8 36. Bc1 R3a7 37. Qe2 Qe8 38. Be3 Bd8 39. Qf3 Qf7 40. Qh3 Kg8 41. g5
fxg5 42. f6 Bxf6 43. Bg4 Re7 44. Bf5 Qh5 45. Rh2 Nf8 46. Bg4 Qg6 47. hxg5 hxg5
48. Bxg5 Qxg5 49. Bf5 1/2-1/2

[Event "Wch Seniors 23rd 2013"]
[Site "Opatija"]
[Date "2013.11.13"]
[Round "2.35"]
[White "Dogantug, Ahmet Ismail"]
[Black "Kierzek, Matthias"]
[Result "1-0"]
[WhiteElo "2117"]
[BlackElo "2250"]
[PlyCount "91"]
[EventDate "2013.11.12"]

1. e4 c6 2. d4 d5 3. Nc3 dxe4 4. Nxe4 Bf5 5. Ng3 Bg6 6. Nf3 Nd7 7. Bd3 e6 8.
O-O Ngf6 9. Re1 Bd6 10. Nf5 Bxf5 11. Bxf5 O-O 12. Bd3 Qc7 13. Bg5 c5 14. c3 h6
15. Bh4 cxd4 16. cxd4 Rac8 17. Bg3 Bxg3 18. hxg3 Nb6 19. Qe2 Nbd5 20. a3 a6 21.
Rad1 Rfd8 22. Ne5 Qb6 23. Rd2 Rc7 24. Bc4 Rdc8 25. Ba2 Rc1 26. Kh2 Qc7 27. f3
Rxe1 28. Qxe1 Qc1 29. Qe2 b5 30. Nd3 Qc7 31. Ne5 h5 32. Bb3 h4 33. gxh4 Nf4 34.
Qf2 Qd6 35. g3 N4d5 36. Rc2 Rc7 37. Qd2 g6 38. Rxc7 Qxc7 39. Qc2 Qa5 40. Bxd5
Nxd5 41. Qc8+ Kg7 42. Nd7 Qd2+ 43. Kh3 Qxd4 44. Qf8+ Kh7 45. Qxf7+ Kh8 46. Nf8
1-0

[Event "Wch Seniors 23rd 2013"]
[Site "Opatija"]
[Date "2013.11.13"]
[Round "2.36"]
[White "Gruzmann, Boris"]
[Black "Kiselev, Alexander"]
[Result "1/2-1/2"]
[WhiteElo "2249"]
[BlackElo "2113"]
[PlyCount "39"]
[EventDate "2013.11.12"]

1. e4 d5 2. exd5 Nf6 3. Bb5+ Bd7 4. Bc4 Bg4 5. f3 Bf5 6. Nc3 Nbd7 7. d4 a6 8.
a4 Nb6 9. Bb3 Nbxd5 10. Nxd5 Nxd5 11. Ne2 e6 12. O-O Be7 13. Ng3 Bg6 14. f4 Qd7
15. Qf3 O-O-O 16. f5 exf5 17. Nxf5 Bf6 18. c3 Rhe8 19. Bd2 Ne7 20. Nxe7+
1/2-1/2

[Event "Wch Seniors 23rd 2013"]
[Site "Opatija"]
[Date "2013.11.13"]
[Round "2.37"]
[White "Morriss, Pete"]
[Black "Brinck-Claussen, Bjorn"]
[Result "1-0"]
[WhiteElo "2008"]
[BlackElo "2248"]
[PlyCount "83"]
[EventDate "2013.11.12"]

1. b4 e5 2. Bb2 Bxb4 3. c4 Nc6 4. Nc3 Bxc3 5. Bxc3 Nf6 6. Nf3 Qe7 7. e3 b6 8.
Be2 Bb7 9. O-O O-O 10. d4 exd4 11. exd4 d5 12. Re1 Qa3 13. Qc2 Qd6 14. Ne5 dxc4
15. Bf3 b5 16. Rab1 a6 17. Nxc6 Bxc6 18. Bb4 Qd7 19. Re7 Bxf3 20. Rxd7 Be4 21.
Qxe4 Nxe4 22. Bxf8 Rxf8 23. Re1 Nc3 24. Rxc7 g6 25. g3 Nxa2 26. d5 Rd8 27. Ree7
Rxd5 28. Rxf7 c3 29. Rfe7 Kf8 30. Rxh7 Kg8 31. Rhg7+ Kf8 32. Rcf7+ Ke8 33. Ra7
Kf8 34. Rh7 Kg8 35. Rhc7 Rd8 36. Rxa6 b4 37. Rxa2 b3 38. Ra3 Rb8 39. Rxc3 b2
40. Rab3 b1=Q+ 41. Rxb1 Rxb1+ 42. Kg2 1-0

[Event "Wch Seniors 23rd 2013"]
[Site "Opatija"]
[Date "2013.11.13"]
[Round "2.38"]
[White "Sorensen, Bent"]
[Black "Baeta, Marcio Netto"]
[Result "1-0"]
[WhiteElo "2247"]
[BlackElo "2068"]
[PlyCount "77"]
[EventDate "2013.11.12"]

1. Nf3 c5 2. c4 Nc6 3. Nc3 e5 4. e3 d6 5. Be2 g6 6. d4 Bg7 7. dxc5 dxc5 8.
Qxd8+ Nxd8 9. O-O Ne7 10. Ne4 O-O 11. Nxc5 f5 12. Rd1 e4 13. Nd4 b6 14. Ncb3
Ne6 15. Bd2 Nc5 16. Bb4 Nxb3 17. axb3 Re8 18. Nb5 Bxb2 19. Rxa7 Rxa7 20. Nxa7
Bb7 21. Rd6 Nc8 22. Nxc8 Rxc8 23. Rxb6 Bc6 24. Bd6 Kf7 25. h4 Ke6 26. Bf4 Be5
27. Bxe5 Kxe5 28. b4 Bd7 29. c5 Ra8 30. c6 Ra1+ 31. Kh2 Be6 32. b5 Ra2 33. c7
Rc2 34. Rxe6+ Kxe6 35. b6 Kd7 36. Bb5+ Kc8 37. Ba6+ Kd7 38. Kg3 h6 39. c8=Q+
1-0

[Event "Wch Seniors 23rd 2013"]
[Site "Opatija"]
[Date "2013.11.13"]
[Round "2.39"]
[White "Theting, Helge E"]
[Black "Lederman, Leon"]
[Result "1-0"]
[WhiteElo "1979"]
[BlackElo "2245"]
[PlyCount "125"]
[EventDate "2013.11.12"]

1. Nf3 Nf6 2. g3 d5 3. Bg2 c6 4. d3 Bf5 5. O-O h6 6. Nbd2 e6 7. Qe1 Be7 8. e4
Bh7 9. e5 Nfd7 10. Qe2 a5 11. Re1 a4 12. a3 O-O 13. Nf1 c5 14. h4 Nc6 15. Bf4
Qb6 16. Rab1 Rae8 17. Bh3 Nd4 18. Nxd4 cxd4 19. Nh2 Kh8 20. Nf3 f5 21. Qd2 Rf7
22. Kg2 Bg6 23. c3 dxc3 24. Qxc3 Bh5 25. d4 Nb8 26. Be3 Nc6 27. Red1 Rc8 28.
Qd2 Bf8 29. Rdc1 Rfc7 30. Ne1 Na5 31. Rxc7 Rxc7 32. f3 Nc4 33. Qd3 Nxe3+ 34.
Qxe3 Rc4 35. b3 Qxd4 36. Qxd4 Rxd4 37. bxa4 Rd2+ 38. Kh1 Bxa3 39. g4 fxg4 40.
Bxg4 Bxg4 41. fxg4 Bb2 42. Nf3 Rc2 43. h5 Kg8 44. g5 Kf7 45. g6+ Ke7 46. Ne1
Re2 47. Nd3 Bxe5 48. Rxb7+ Kd6 49. Rb6+ Kd7 50. Nc5+ Kc7 51. a5 Bd6 52. Na6+
Kd7 53. Rb7+ Kc6 54. Rb6+ Kd7 55. Rb7+ Ke8 56. Rxg7 Rh2+ 57. Kg1 Rxh5 58. Nc7+
Kd8 59. Nxe6+ Kc8 60. a6 Kb8 61. Rd7 Bc5+ 62. Kg2 Bd4 63. Kf3 1-0

[Event "Wch Seniors 23rd 2013"]
[Site "Opatija"]
[Date "2013.11.13"]
[Round "2.40"]
[White "Medancic, Rikard"]
[Black "Haupt, Joachim"]
[Result "1-0"]
[WhiteElo "2244"]
[BlackElo "1870"]
[PlyCount "39"]
[EventDate "2013.11.12"]

1. Nf3 Nf6 2. g3 c5 3. Bg2 Nc6 4. d4 cxd4 5. Nxd4 g6 6. O-O Bg7 7. c4 O-O 8.
Nc3 a6 9. c5 Nxd4 10. Qxd4 Ne8 11. Qb4 d6 12. c6 Rb8 13. Be3 a5 14. Qb5 b6 15.
Nd5 Nc7 16. Qxb6 Bh3 17. Qxc7 Qxc7 18. Nxc7 Bxg2 19. Kxg2 Rxb2 20. Rab1 1-0

[Event "Wch Seniors 23rd 2013"]
[Site "Opatija"]
[Date "2013.11.13"]
[Round "2.41"]
[White "Harestad, Thor Geir"]
[Black "Tsomaia, Sergo"]
[Result "0-1"]
[WhiteElo "2238"]
[BlackElo "1859"]
[PlyCount "138"]
[EventDate "2013.11.12"]

1. d4 d5 2. c4 e6 3. Nf3 Nf6 4. Nc3 Be7 5. Bg5 h6 6. Bh4 O-O 7. e3 Ne4 8. Bxe7
Qxe7 9. Qb3 Nxc3 10. bxc3 dxc4 11. Bxc4 Nc6 12. Bb5 Bd7 13. Be2 b6 14. O-O e5
15. d5 Na5 16. Qb4 Rfe8 17. e4 Nb7 18. Nd2 a5 19. Qxe7 Rxe7 20. Rab1 Nd6 21. f3
a4 22. Nc4 Bb5 23. Nxd6 Bxe2 24. Nf5 Rd7 25. Rf2 Bd3 26. Rb4 Ra5 27. Rd2 Ba6
28. c4 Kh7 29. Ne3 Bc8 30. Rc2 Ba6 31. Kf2 g6 32. a3 Kg7 33. g4 Kf6 34. h4 Ke7
35. h5 Rd8 36. hxg6 fxg6 37. Kg3 Bc8 38. Nd1 Bd7 39. Nb2 Rh8 40. Nd3 Kd6 41. f4
exf4+ 42. Kxf4 g5+ 43. Kg3 h5 44. e5+ Ke7 45. gxh5 Bf5 46. Rd2 Rxh5 47. d6+ Kd7
48. e6+ Bxe6 49. c5 bxc5 50. Rb7 c4 51. Nb4 Rh3+ 52. Kg2 Rd3 53. Rxc7+ Kxd6 54.
Rc6+ Kd7 55. Re2 Rd6 56. Rxd6+ Kxd6 57. Rd2+ Kc5 58. Kf3 c3 59. Re2 Kd6 60. Rc2
Rc5 61. Ke3 Bf5 62. Rc1 Ke5 63. Na6 Rc4 64. Nb4 c2 65. Na2 Rc8 66. Re1 Kd5 67.
Nc1 Rc3+ 68. Kd2 Rxa3 69. Ne2 Rb3 0-1

[Event "Wch Seniors 23rd 2013"]
[Site "Opatija"]
[Date "2013.11.13"]
[Round "2.42"]
[White "Urbanc, Vinko"]
[Black "Lind, Jan-Olof"]
[Result "0-1"]
[WhiteElo "1842"]
[BlackElo "2238"]
[PlyCount "70"]
[EventDate "2013.11.12"]

1. e4 c5 2. Nf3 g6 3. d4 cxd4 4. Qxd4 Nf6 5. e5 Nc6 6. Qc4 d5 7. exd6 Qxd6 8.
Nc3 Bg7 9. Be2 O-O 10. O-O Bf5 11. Nb5 Qb4 12. c3 Qxc4 13. Bxc4 Rac8 14. Rd1 a6
15. Na3 b5 16. Be2 Ne4 17. Bd2 b4 18. Nb1 a5 19. Nh4 Nxd2 20. Rxd2 Bxb1 21.
Rxb1 bxc3 22. bxc3 Bxc3 23. Rd7 Rfd8 24. Rbb7 Rxd7 25. Rxd7 e6 26. Nf3 Bf6 27.
g4 h6 28. Kg2 Nb4 29. a4 Nd5 30. Bd1 Rc1 31. Bb3 Nf4+ 32. Kg3 g5 33. Ra7 Rc3
34. Bd1 Kg7 35. Rxa5 e5 0-1

[Event "Wch Seniors 23rd 2013"]
[Site "Opatija"]
[Date "2013.11.13"]
[Round "2.43"]
[White "Gergel, Vladimir P"]
[Black "Bauza Mercere, Eduardo"]
[Result "1-0"]
[WhiteElo "2237"]
[BlackElo "1811"]
[PlyCount "35"]
[EventDate "2013.11.12"]

1. e4 e6 2. d3 d5 3. Qe2 Be7 4. Nf3 c5 5. g3 Nc6 6. Bg2 Nf6 7. O-O O-O 8. e5
Nd7 9. c4 Re8 10. Re1 Nf8 11. h4 Qd7 12. Nc3 Nd4 13. Qd1 Nxf3+ 14. Qxf3 d4 15.
Ne4 Rb8 16. h5 b5 17. Qg4 f5 18. exf6 1-0

[Event "Wch Seniors 23rd 2013"]
[Site "Opatija"]
[Date "2013.11.13"]
[Round "2.47"]
[White "Giffard, Nicolas"]
[Black "Toefferl, Heimo"]
[Result "1-0"]
[WhiteElo "2348"]
[BlackElo "2089"]
[PlyCount "75"]
[EventDate "2013.11.12"]

1. d4 e6 2. c4 d5 3. cxd5 exd5 4. Nc3 c6 5. Bf4 Nf6 6. e3 Bf5 7. f3 Be7 8. g4
Bg6 9. h4 h5 10. g5 Nfd7 11. Nge2 Na6 12. a3 Nc7 13. Rg1 Nb6 14. b3 Ne6 15. Bh2
Bd6 16. Bxd6 Qxd6 17. Ng3 O-O-O 18. f4 Nxf4 19. exf4 Qxf4 20. Qd2 Rde8+ 21. Be2
Qxh4 22. O-O-O f6 23. gxf6 Qxf6 24. Rdf1 Qd6 25. Kb2 Reg8 26. Qg5 Nd7 27. Bxh5
Bxh5 28. Nf5 Qh2+ 29. Rg2 Qh3 30. Ne7+ Kc7 31. Ncxd5+ cxd5 32. Nxd5+ Kd6 33.
Qf4+ Kxd5 34. Rg5+ Kc6 35. Rc1+ Nc5 36. Rcxc5+ Kd7 37. Rc7+ Ke8 38. Qe5+ 1-0

[Event "Wch Seniors 23rd 2013"]
[Site "Opatija"]
[Date "2013.11.13"]
[Round "2.48"]
[White "Kolbak, Jens"]
[Black "Ladisic, Alex-Sacha"]
[Result "1/2-1/2"]
[WhiteElo "2271"]
[BlackElo "1948"]
[PlyCount "115"]
[EventDate "2013.11.12"]

1. d4 Nf6 2. Nf3 d6 3. c4 Nc6 4. d5 Ne5 5. Nxe5 dxe5 6. Nc3 e6 7. e4 Bc5 8. Be2
c6 9. O-O Qc7 10. Bf3 O-O 11. Bg5 Ne8 12. Qe2 f6 13. Bd2 Bd4 14. Rac1 c5 15.
Nb5 Qb8 16. b4 a6 17. Nxd4 cxd4 18. Rfe1 b6 19. c5 Bd7 20. c6 Bc8 21. a4 Rf7
22. b5 a5 23. dxe6 Bxe6 24. Bg4 Qd6 25. Bxe6 Qxe6 26. Qd3 Rc7 27. Rc2 Nd6 28.
h3 Ne8 29. f4 Nd6 30. f5 Qf7 31. g4 Kf8 32. Kh2 Ke7 33. Bc1 Ne8 34. Ba3+ Kd8
35. Rg1 Kc8 36. Rg3 Kb8 37. Qd2 Ka7 38. Bc5 bxc5 39. Qxa5+ Kb8 40. Qb6+ Kc8 41.
Qxc5 Rxa4 42. b6 Qe7 43. bxc7 Qxc5 44. Rxc5 Kxc7 45. Rb3 Nd6 46. Rc2 Ra7 47.
Re2 Kxc6 48. Kg2 Ra1 49. h4 h6 50. g5 fxg5 51. hxg5 hxg5 52. Rc2+ Kd7 53. Rc5
Ra2+ 54. Kh3 Nxe4 55. Rxe5 Nf2+ 56. Kg3 d3 57. Rd5+ Kc6 58. Rdxd3 1/2-1/2

[Event "Wch Seniors 23rd 2013"]
[Site "Opatija"]
[Date "2013.11.13"]
[Round "2.49"]
[White "Acers, Jude"]
[Black "Skok, Joze"]
[Result "1-0"]
[WhiteElo "2230"]
[BlackElo "2003"]
[PlyCount "75"]
[EventDate "2013.11.12"]

1. e4 c6 2. d4 d5 3. e5 Bf5 4. Bd3 Bxd3 5. Qxd3 e6 6. Ne2 c5 7. O-O Nc6 8. c3
Qb6 9. a3 a5 10. Kh1 c4 11. Qh3 g6 12. f4 Bg7 13. Nd2 Nge7 14. Nf3 h6 15. g4 a4
16. Ng3 Na5 17. f5 exf5 18. gxf5 Nxf5 19. Nxf5 gxf5 20. Nh4 Qe6 21. Nxf5 Bf8
22. Qh4 Kd7 23. Be3 Nc6 24. Rae1 Re8 25. Bc1 Qg6 26. Qh3 Re6 27. Qf3 Rg8 28.
Qxd5+ Kc8 29. Qf3 Be7 30. Rg1 Qh7 31. Rxg8+ Qxg8 32. Rg1 Rg6 33. Qxc6+ Kb8 34.
Rxg6 fxg6 35. Nxe7 Qf7 36. Qd6+ Ka8 37. Qd8+ Ka7 38. Nc8+ 1-0

[Event "Wch Seniors 23rd 2013"]
[Site "Opatija"]
[Date "2013.11.13"]
[Round "2.50"]
[White "Filzmaier, Bruno"]
[Black "Trois, Francisco R.T"]
[Result "0-1"]
[WhiteElo "1895"]
[BlackElo "2229"]
[PlyCount "52"]
[EventDate "2013.11.12"]

1. a3 d5 2. e3 Nf6 3. d4 Bf5 4. b4 e6 5. Bb2 a5 6. b5 c6 7. c4 cxb5 8. cxb5
Nbd7 9. Nd2 Bd6 10. Ngf3 Rc8 11. Rc1 O-O 12. Be2 Qe7 13. a4 Rxc1 14. Qxc1 Nb6
15. Qa1 Bc2 16. Bd1 Rc8 17. O-O Bd3 18. Re1 Bb4 19. Bb3 Ne4 20. Nxe4 dxe4 21.
Ne5 Bxe1 22. Qxe1 Qb4 23. Qxb4 axb4 24. Nxd3 exd3 25. Kf1 Nc4 26. Ba1 Nd2+ 0-1

[Event "Wch Seniors 23rd 2013"]
[Site "Opatija"]
[Date "2013.11.13"]
[Round "2.52"]
[White "Karason, Askell O"]
[Black "Baumgarten, Werner"]
[Result "1-0"]
[WhiteElo "2220"]
[BlackElo "1943"]
[PlyCount "55"]
[EventDate "2013.11.12"]

1. d4 d5 2. c4 c6 3. Nc3 e6 4. e3 f5 5. Bd3 Nf6 6. Qc2 g6 7. Nge2 Bd6 8. f3 Nh5
9. g3 O-O 10. Bd2 dxc4 11. Bxc4 b5 12. Bb3 a5 13. a4 b4 14. Nd1 Qe7 15. Nf2 Ba6
16. Rc1 Ra7 17. Nd3 Nd7 18. Bc4 Bxc4 19. Qxc4 Rc8 20. e4 fxe4 21. fxe4 Nb6 22.
Qb3 Kg7 23. O-O c5 24. dxc5 Bxc5+ 25. Nxc5 Rxc5 26. Be3 Rxc1 27. Rxc1 Qd6 28.
e5 1-0

[Event "Wch Seniors 23rd 2013"]
[Site "Opatija"]
[Date "2013.11.13"]
[Round "2.53"]
[White "Marks, Ian A"]
[Black "Haubt, Georg"]
[Result "0-1"]
[WhiteElo "1948"]
[BlackElo "2206"]
[PlyCount "44"]
[EventDate "2013.11.12"]

1. d4 Nf6 2. c4 e6 3. Nc3 Bb4 4. Qc2 O-O 5. a3 Bxc3+ 6. Qxc3 b5 7. cxb5 c6 8.
e3 cxb5 9. Bd3 Bb7 10. Nf3 Qb6 11. O-O Nc6 12. Bd2 a6 13. Rac1 d6 14. e4 Rac8
15. Bb1 Ne5 16. Qb4 Nc4 17. Rfe1 a5 18. Qb3 Nxd2 19. Nxd2 Qxd4 20. Nf3 Qb6 21.
Qd3 Rxc1 22. Rxc1 Bxe4 0-1

[Event "Wch Seniors 23rd 2013"]
[Site "Opatija"]
[Date "2013.11.13"]
[Round "2.54"]
[White "Ofstad, Per"]
[Black "Strohbusch, Frank"]
[Result "1-0"]
[WhiteElo "2181"]
[BlackElo "1855"]
[PlyCount "81"]
[EventDate "2013.11.12"]

1. e4 e6 2. d4 d5 3. Nd2 c5 4. exd5 Qxd5 5. Ngf3 cxd4 6. Bc4 Qd6 7. O-O Nc6 8.
Re1 Nf6 9. Ne4 Nxe4 10. Rxe4 Be7 11. Bf4 Qc5 12. Qd3 O-O 13. Nxd4 Bd7 14. Nb3
Qf5 15. Rae1 Be8 16. Qe3 Qg6 17. Bd3 Qf6 18. c3 Rd8 19. Bg3 Qg5 20. Qe2 Bd7 21.
Bc7 Rde8 22. Re3 f5 23. f4 Qg6 24. Bc4 Bd8 25. Bxd8 Nxd8 26. Nd4 Rf6 27. Nf3
Qh5 28. Ne5 Qxe2 29. R1xe2 Bc8 30. Rd2 Nf7 31. g3 Kf8 32. Bb5 Rd8 33. Rxd8+
Nxd8 34. Rd3 Ke7 35. Bd7 Bxd7 36. Rxd7+ Ke8 37. Rxg7 h6 38. Kf2 Nf7 39. Rxf7
Rxf7 40. Nxf7 Kxf7 41. Ke3 1-0

[Event "Wch Seniors 23rd 2013"]
[Site "Opatija"]
[Date "2013.11.13"]
[Round "2.55"]
[White "Neumann, Joachim"]
[Black "Borensztajn, David"]
[Result "1-0"]
[WhiteElo "2175"]
[BlackElo "1869"]
[PlyCount "83"]
[EventDate "2013.11.12"]

1. Nf3 c6 2. g3 d5 3. Bg2 Nf6 4. c4 e6 5. b3 Nbd7 6. Bb2 Be7 7. O-O O-O 8. d3
b6 9. cxd5 cxd5 10. Nbd2 Ba6 11. Rc1 Rc8 12. Nd4 Bc5 13. a3 Bb7 14. b4 Bd6 15.
Qb3 e5 16. Rxc8 Qxc8 17. Rc1 Qa8 18. Nb5 Qb8 19. Nxd6 Qxd6 20. Nf3 d4 21. e3
dxe3 22. fxe3 Ng4 23. e4 h6 24. Re1 Kh7 25. h3 Ngf6 26. g4 Ng8 27. d4 f6 28.
dxe5 fxe5 29. Rd1 Qe7 30. Qc3 Rc8 31. Qd3 Ngf6 32. Nh4 Qe6 33. Nf5 Qc4 34. Qxc4
Rxc4 35. Nd6 Rc2 36. Ba1 Ba8 37. Nb5 a6 38. Nc3 a5 39. Bf1 axb4 40. axb4 Rxc3
41. Bxc3 Bxe4 42. Bb5 1-0

[Event "Wch Seniors 23rd 2013"]
[Site "Opatija"]
[Date "2013.11.13"]
[Round "2.57"]
[White "Keze, Arnis"]
[Black "Nickl, Klaus"]
[Result "0-1"]
[WhiteElo "1735"]
[BlackElo "2122"]
[PlyCount "100"]
[EventDate "2013.11.12"]

1. d4 Nf6 2. c4 g6 3. Nc3 Bg7 4. e4 d6 5. Nf3 O-O 6. Be2 Na6 7. h3 c5 8. Be3 e5
9. dxc5 dxc5 10. Qxd8 Rxd8 11. Bg5 h6 12. Bxf6 Bxf6 13. Nd5 Kg7 14. O-O Be6 15.
Rfd1 Rac8 16. a3 Nb8 17. Nxf6 Kxf6 18. b3 Nc6 19. Rxd8 Rxd8 20. Rd1 Rxd1+ 21.
Bxd1 h5 22. Kf1 g5 23. Nd2 Kg6 24. f3 f5 25. Kf2 Nd4 26. Ke3 f4+ 27. Kd3 a5 28.
Kc3 Nc6 29. Kd3 Nd4 30. Kc3 Nc6 31. Kd3 Kf6 32. Nb1 g4 33. hxg4 hxg4 34. Nc3 g3
35. Na4 Bh3 36. Nxc5 Bxg2 37. Kd2 Nd4 38. Ke1 Bxf3 39. Bxf3 Nxf3+ 40. Kf1 Kg5
41. Nd3 Kg4 42. b4 axb4 43. axb4 Kh3 44. Ke2 g2 45. Kxf3 g1=Q 46. Nf2+ Kh4 47.
c5 Qg3+ 48. Ke2 Qe3+ 49. Kf1 f3 50. Kg1 Qe1+ 0-1

[Event "Wch Seniors 23rd 2013"]
[Site "Opatija"]
[Date "2013.11.13"]
[Round "2.59"]
[White "Green, Per"]
[Black "Hess, Christian"]
[Result "0-1"]
[WhiteElo "1990"]
[BlackElo "2285"]
[PlyCount "58"]
[EventDate "2013.11.12"]

1. Nf3 d5 2. d4 Nf6 3. c4 c6 4. e3 a6 5. Bd3 g6 6. O-O Bg7 7. Qc2 O-O 8. b3
dxc4 9. bxc4 c5 10. Bb2 Nc6 11. a3 cxd4 12. exd4 Bg4 13. Nbd2 e6 14. Bc3 Nh5
15. Be4 Nxd4 16. Nxd4 Bxd4 17. Bxb7 Rb8 18. Bf3 Bf5 19. Be4 Nf4 20. Bxd4 Qxd4
21. Rab1 Ne2+ 22. Kh1 Rxb1 23. Rxb1 Nc3 24. Re1 Qxf2 25. Qc1 Rd8 26. Bxf5 Rxd2
27. Bh3 Qd4 28. Rf1 Ne4 29. g3 Nf2+ 0-1

[Event "Wch Seniors 23rd 2013"]
[Site "Opatija"]
[Date "2013.11.13"]
[Round "2.60"]
[White "Trtanj, Zoran"]
[Black "Giulian, Philip M"]
[Result "0-1"]
[WhiteElo "1986"]
[BlackElo "2244"]
[PlyCount "144"]
[EventDate "2013.11.12"]

1. d4 d6 2. Nf3 g6 3. Bf4 Bg7 4. e3 f5 5. c3 Nf6 6. Bc4 e6 7. Qc2 Nc6 8. Nbd2
Qe7 9. O-O-O a6 10. Bd3 e5 11. dxe5 dxe5 12. e4 O-O 13. Bg5 h6 14. Bxf6 Qxf6
15. h4 Be6 16. h5 f4 17. hxg6 Qxg6 18. Nh4 Qf6 19. Nf5 Ne7 20. Nxe7+ Qxe7 21.
Bc4 Rad8 22. Qb3 Bxc4 23. Qxc4+ Qf7 24. Qxf7+ Rxf7 25. Nf3 Rxd1+ 26. Rxd1 Bf6
27. Rd5 Rg7 28. Ne1 Kf8 29. Kd1 c6 30. Rd3 Ke7 31. Ke2 Ke6 32. Rh3 Rg6 33. Kd3
b5 34. Kc2 Be7 35. Rh2 Bc5 36. Nd3 Bd6 37. b4 Ke7 38. Kd2 Kf6 39. Ke2 Kg5 40.
f3 h5 41. Kf2 Rg8 42. Rh1 a5 43. Rd1 axb4 44. cxb4 Ra8 45. Rd2 Ra4 46. Rb2 Kh4
47. Rc2 Ra3 48. Nc5 Bxc5+ 49. bxc5 Ra4 50. Rd2 Rc4 51. Rd6 Rxc5 52. Kg1 b4 53.
Re6 Rc2 54. Kh2 c5 55. Rxe5 c4 56. Rc5 c3 57. Rc4 Rb2 58. a3 bxa3 59. Rxc3 a2
60. Ra3 Kg5 61. Ra6 Re2 62. Ra5+ Kf6 63. Ra6+ Ke5 64. Ra5+ Kd4 65. Rd5+ Kc4 66.
Rd1 Kb3 67. Kh3 Kb2 68. g3 fxg3 69. Kxg3 a1=Q 70. Rxa1 Kxa1 71. Kh4 Kb2 72.
Kxh5 Kc3 0-1

[Event "Wch Seniors 23rd 2013"]
[Site "Opatija"]
[Date "2013.11.13"]
[Round "2.65"]
[White "Gonzalez Pabollet, Jesus Maria"]
[Black "Zhelesny, Stanislav"]
[Result "1/2-1/2"]
[WhiteElo "1970"]
[BlackElo "2109"]
[PlyCount "78"]
[EventDate "2013.11.12"]

1. c4 Nf6 2. Nc3 g6 3. g3 Bg7 4. Bg2 O-O 5. Nf3 d5 6. cxd5 Nxd5 7. d4 c6 8. O-O
Nb6 9. Bf4 Bg4 10. Ne5 Be6 11. b3 N8d7 12. Qc2 Nxe5 13. dxe5 Nd7 14. Rfd1 Qa5
15. Rd4 Nxe5 16. Ra4 Qc5 17. Be3 Qxc3 18. Qxc3 Nf3+ 19. Bxf3 Bxc3 20. Rc1 Bf6
21. Bxa7 Rfd8 22. Rc2 Rd7 23. Ra5 Bf5 24. e4 Be6 25. Kg2 Bd4 26. Bb6 Rxa5 27.
Bxa5 b6 28. Bc3 c5 29. Bd2 Kg7 30. Be2 Ra7 31. Bb5 Bc8 32. Bc6 Ba6 33. Bc3 Rc7
34. Bd5 Bxc3 35. Rxc3 e6 36. Bc4 b5 37. Bf1 c4 38. bxc4 bxc4 39. Kf3 Rb7
1/2-1/2

[Event "Wch Seniors 23rd 2013"]
[Site "Opatija"]
[Date "2013.11.13"]
[Round "2.66"]
[White "Vrhovnik, Damir"]
[Black "Bornand, Herbert"]
[Result "1-0"]
[WhiteElo "2108"]
[BlackElo "1966"]
[PlyCount "61"]
[EventDate "2013.11.12"]

1. Nf3 Nf6 2. c4 c6 3. Nc3 d5 4. e3 Bg4 5. Qb3 Bxf3 6. Qxb7 Bg4 7. Qxa8 d4 8.
exd4 e5 9. Qxa7 exd4 10. Ne2 c5 11. d3 Bd6 12. Bg5 O-O 13. O-O-O Nc6 14. Qa4 h6
15. f3 Bd7 16. Bxf6 Qxf6 17. a3 Qe6 18. Qc2 Rb8 19. Qd2 Ne5 20. Nf4 Nxc4 21.
dxc4 Qe8 22. Bd3 Rb3 23. Be2 Qb8 24. Nd5 Rb7 25. Rhe1 Kf8 26. Bf1 Ba4 27. g3
Bb3 28. Bd3 Ba2 29. Re2 Bb3 30. Rde1 Ba4 31. f4 1-0

[Event "Wch Seniors 23rd 2013"]
[Site "Opatija"]
[Date "2013.11.13"]
[Round "2.67"]
[White "Diaz Franco, Francisco Jorge"]
[Black "Hutchinson, Norman A"]
[Result "1/2-1/2"]
[WhiteElo "1966"]
[BlackElo "2106"]
[PlyCount "86"]
[EventDate "2013.11.12"]

1. d4 Nf6 2. c4 e6 3. Nc3 Bb4 4. Qc2 O-O 5. e4 d5 6. e5 Ne4 7. Bd3 c5 8. Bxe4
dxe4 9. dxc5 Qd4 10. Nge2 Qxc4 11. O-O Nd7 12. Qxe4 Qxe4 13. Nxe4 Nxc5 14. Nxc5
Bxc5 15. Be3 Bxe3 16. fxe3 b6 17. Nc3 Ba6 18. Rfd1 Rfd8 19. Kf2 Kf8 20. Rd4 Ke7
21. Rad1 Rac8 22. Rxd8 Rxd8 23. Rd4 Bd3 24. Ke1 Rxd4 25. exd4 f5 26. Kd2 Bf1
27. g3 Kd7 28. Ke3 g5 29. d5 exd5 30. Nxd5 Bc4 31. Nf6+ Ke6 32. Kd4 Bxa2 33.
Nxh7 g4 34. Nf6 Ke7 35. Nh5 Kd7 36. Nf4 Kc6 37. Ne2 a5 38. Nf4 Bb3 39. Ng6 Kd7
40. Nf8+ Ke7 41. Ng6+ Kd7 42. Nh4 Be6 43. Ng6 Bb3 1/2-1/2